000 00765nam a2200181Ia 4500
008 100920s9999 xx 000 0 und d
082 _b91818
_a51 थ 71
100 _aअनु. कानिटकर रा. प्र. /देवगिरीकर त्र्यं. र.
245 _aगोपाळ कृष्ण गोखले.
260 _bप्रकाशन विभाग माहिती व नभोवाणी मंत्रालय भारत सरकार.
_c1971
300 _a274
_bसाधी
365 _b4
520 _aचरित्र.
630 _aगोपाळ कृष्ण गोखले.
650 _aचरित्र.
730 _aगोपाळ कृष्ण गोखले.
942 _cBOOK
999 _c732284
_d732281